000 00670nam a2200193Ia 4500
008 151121s9999||||xx |||||||||||||| ||und||
082 _a815/शिंदे
082 _bHNW-115301
100 _aशिंदे किर्तीकुमार
245 _aही राजभाषा असे
260 _b"नवता प्रकाशन, पुणे।"
260 _c2014
300 _a103
600 _aशिंदे किर्तीकुमार
630 _aही राजभाषा असे
700 _aशिंदे किर्तीकुमार
730 _aही राजभाषा असे
942 _cBOOK
999 _c1264033
_d1264030